Transnational corporations
Salvato in:
| Altri autori: | |
|---|---|
| Natura: | Libro |
| Lingua: | inglese |
| Pubblicazione: |
New York
United Nations/United Nations Conference on Trade and Development
1998
|
| Soggetti: | |
| Tags: |
Nessun Tag, puoi essere il primo ad aggiungerne!!
|
MARC
| LEADER | 00000nam a2200000 4500 | ||
|---|---|---|---|
| 001 | c124697 | ||
| 005 | 20221221083829.7 | ||
| 022 | |a 1014-9562 | ||
| 041 | 0 | |a eng | |
| 044 | |a US | ||
| 245 | 1 | 0 | |a Transnational corporations |c [editor: Karl P. Sauvant] |
| 264 | 1 | |a New York |b United Nations/United Nations Conference on Trade and Development |c 1998 | |
| 300 | |a 131 s. | ||
| 610 | 2 | 0 | |a korporácie transnacionálne |
| 610 | 2 | 0 | |a investície |
| 610 | 2 | 0 | |a internacionalizácia |
| 610 | 2 | 0 | |a analýzy |
| 610 | 2 | 0 | |a firmy |
| 610 | 2 | 0 | |a investície priame zahraničné |
| 610 | 2 | 0 | |a dohody medzinárodné |
| 610 | 2 | 0 | |a Portugalsko |
| 610 | 2 | 0 | |a Ázia |
| 610 | 2 | 0 | |a Rusko |
| 610 | 2 | 0 | |a USA |
| 610 | 2 | 0 | |a OSN |
| 700 | 1 | |a Sauvant, Karl P. | |